skbl

Dr Suryya Kumar Bhuyan Library Web-OPAC
ডঃ সূৰ্য্য
কুমাৰ ভূঞা পুথিভঁৰাল ৱেব-অ'পেক

All Research Scholars are advised to clear the annual library fees to continue using Library Resources, Remote Access, Plagiarism Test and Library Clearance.

Cotton University Book Fair 2026

Bangla Sahityer itikatha Vol.III / (Record no. 11174)

MARC details
000 -LEADER
fixed length control field 00569nam a2200205Ia 4500
001 - CONTROL NUMBER
control field 11187
008 - FIXED-LENGTH DATA ELEMENTS--GENERAL INFORMATION
fixed length control field 170209s1994 ii a g b000 u 346 u
020 ## - INTERNATIONAL STANDARD BOOK NUMBER
International Standard Book Number 81-7079-575-3
082 ## - DEWEY DECIMAL CLASSIFICATION NUMBER
Classification number 891.4409
100 ## - MAIN ENTRY--PERSONAL NAME
Personal name Choudhury, Bhudev.,
Relator term Author.
245 #0 - TITLE STATEMENT
Title Bangla Sahityer itikatha Vol.III /
Statement of responsibility, etc. Bhudev Choudhury.
Medium Textual Documents
250 ## - EDITION STATEMENT
Edition statement 2nd ed. /
260 ## - PUBLICATION, DISTRIBUTION, ETC.
Place of publication, distribution, etc. Calcutta :
Name of publisher, distributor, etc. Deys Publishing ,
Date of publication, distribution, etc. 1994.
300 ## - PHYSICAL DESCRIPTION
Extent 224p. :
Other physical details ill ;
Dimensions 21cm .
653 ## - INDEX TERM--UNCONTROLLED
Uncontrolled term Bengali
653 ## - INDEX TERM--UNCONTROLLED
Uncontrolled term Bengali Literature
653 ## - INDEX TERM--UNCONTROLLED
Uncontrolled term MS-Bengali
653 ## - INDEX TERM--UNCONTROLLED
Uncontrolled term G-Bengali
942 ## - ADDED ENTRY ELEMENTS (KOHA)
Source of classification or shelving scheme Dewey Decimal Classification
Koha item type Books
Holdings
Withdrawn status Lost status Damaged status Not for loan Collection Home library Current library Shelving location Date acquired Coded location qualifier Total checkouts Full call number Barcode Date last seen Copy number Price effective from Koha item type
          Dr. Suryya Kumar Bhuyan Library Dr. Suryya Kumar Bhuyan Library   01/02/2012 00000   891.4409 Ch 458 Ba 1637/Ass 13/01/2024 2 01/02/2012 Books
          Dr. Suryya Kumar Bhuyan Library Dr. Suryya Kumar Bhuyan Library   01/02/2012 00000   891.4409 Ch 458 Ba 1051/Beng 13/01/2024 1 01/02/2012 Books

Designed and Maintained by Team SKBL
©1901-2026

Powered by Koha